Applied Coal Petrology : (Record no. 11264)
[ view plain ]
| 000 -LEADER | |
|---|---|
| fixed length control field | 01175cam a2200277 a 4500 |
| 001 - CONTROL NUMBER | |
| control field | 15326846 |
| 005 - DATE AND TIME OF LATEST TRANSACTION | |
| control field | 20080827162024.0 |
| 008 - FIXED-LENGTH DATA ELEMENTS--GENERAL INFORMATION | |
| fixed length control field | 080612s2008 ne af b 001 0 eng |
| 010 ## - LIBRARY OF CONGRESS CONTROL NUMBER | |
| LC control number | 2008026452 |
| 020 ## - INTERNATIONAL STANDARD BOOK NUMBER | |
| International Standard Book Number | 9780080450513 |
| 040 ## - CATALOGING SOURCE | |
| Original cataloging agency | DLC |
| Transcribing agency | DLC |
| Modifying agency | DLC |
| 050 00 - LIBRARY OF CONGRESS CALL NUMBER | |
| Classification number | TN800 |
| Item number | .A67 2008 |
| 082 00 - DEWEY DECIMAL CLASSIFICATION NUMBER | |
| Classification number | 662.622 |
| Edition number | 22 |
| Item number | APP |
| 245 00 - TITLE STATEMENT | |
| Title | Applied Coal Petrology : |
| Remainder of title | The Role of Petrology in Coal Utilization / |
| Statement of responsibility, etc | edited by Isabel Suarez-Ruiz and John C. Crelling. |
| 260 ## - PUBLICATION, DISTRIBUTION, ETC. (IMPRINT) | |
| Place of publication, distribution, etc | Amsterdam ; |
| -- | Boston : |
| Name of publisher, distributor, etc | Elsevier / Academic Press, |
| Date of publication, distribution, etc | c2008. |
| 300 ## - PHYSICAL DESCRIPTION | |
| Extent | xviii, 388 p., [8] p. of plates : |
| Other physical details | ill. (some col.) ; |
| Dimensions | 24 cm. |
| 504 ## - BIBLIOGRAPHY, ETC. NOTE | |
| Bibliography, etc | Includes bibliographical references (p. [303]-380) and index. |
| 650 #0 - SUBJECT ADDED ENTRY--TOPICAL TERM | |
| Topical term or geographic name as entry element | Coal |
| General subdivision | Geology. |
| 9 (RLIN) | 3530 |
| 650 #0 - SUBJECT ADDED ENTRY--TOPICAL TERM | |
| Topical term or geographic name as entry element | Coal |
| General subdivision | Environmental aspects. |
| 9 (RLIN) | 3531 |
| 650 #0 - SUBJECT ADDED ENTRY--TOPICAL TERM | |
| Topical term or geographic name as entry element | Coal |
| General subdivision | Analysis. |
| 9 (RLIN) | 3532 |
| 700 1# - ADDED ENTRY--PERSONAL NAME | |
| Personal name | Suarez-Ruiz, Isabel |
| 9 (RLIN) | 3529 |
| 700 1# - ADDED ENTRY--PERSONAL NAME | |
| Personal name | Crelling, John C. |
| 9 (RLIN) | 3533 |
| 942 ## - ADDED ENTRY ELEMENTS (KOHA) | |
| Source of classification or shelving scheme | Dewey Decimal Classification |
| Item type | Book - Borrowing |
| Withdrawn status | Item status | Source of classification or shelving scheme | Damaged status | Not for loan | Vendor | Home library | Current library | Shelving location | Date acquired | Source of acquisition | Cost, normal purchase price | Serial Enumeration / chronology | Total Checkouts | Full call number | Barcode | Date last seen | Koha item type |
|---|---|---|---|---|---|---|---|---|---|---|---|---|---|---|---|---|---|
| Dewey Decimal Classification | Baccah | Central Library | Central Library | First floor | 09/04/2009 | 1040.00 | 7117 | 662.622 APP | 000015863 | 15/07/2025 | Book - Borrowing |